000
00281nam a2200109Ia 4500
008
190914s9999||||xx |||||||||||||| ||und||
100
_a
Hennessy, John
245
0
_a
Computer Architecture :A Quantitative Approach
260
_a
Delhi
_b
Viva Books
_c
2000
300
_a
434
942
_c
BK
999
_c
8900
_d
8900